| 000 | 00530nam a2200181Ia 4500 | ||
|---|---|---|---|
| 999 |
_c22196 _d22196 |
||
| 003 | OSt | ||
| 005 | 20200515090734.0 | ||
| 008 | 190216s9999||||xx |||||||||||||| ||und|| | ||
| 020 | _a9780906540930 | ||
| 040 | _coclc | ||
| 082 |
_a297.40924 _bKHO/S |
||
| 100 |
_aKhosla, K _92264 |
||
| 245 | 4 |
_aThe Sufism Of Rumi / _cK Khosla |
|
| 260 |
_bElement Books, _a1987. _cDorset: |
||
| 300 | _a255p | ||
| 650 | 0 |
_aHistory & geography _vIslamic History _92271 |
|
| 942 |
_cBK _2ddc _h297.40924 _iKHO/S _k297.40924 _mKHO/S |
||